000 00801cam a2200229 i 4500
005 20251214093327.0
008 250721s2005 jo gr 000 0 ara d
082 1 4 _a216.532
_bم ص ط
100 1 _aمصطفى، أسامة نعيم
_eمؤلف.
245 1 0 _a288 وصية من الأباء إلى الأولاد والبنات /
_cمؤلف.
250 _aالطبعة الأولى.
264 3 1 _aعمان :
_bدار عالم الثقافة للنشر والتوزيع،
_c2005.
300 _a152 صفحة.
650 1 7 _aالآباء.
650 1 7 _aالأبناء.
650 1 7 _aالوعظ والإرشاد.
650 1 7 _aالفضائل.
650 1 7 _aالإسلام.
650 1 7 _aالآداب الإسلامية.
942 _2ddc
_cBK
999 _c94951
_d94951